One Piece- mort subite soldat de la marine - Statistiques

Statistiques générales
  • Ce quiz a été pris 393 fois
  • Le résultat moyen est 9 sur 21
Answers on the Grid
Answers color-coded by a green-red scale on the quiz's grid according to % correct below.
Aramaki
Onigumo
André
Bunbuku
Ripper
Palms
Fullbody
Buhichuck
Momonga
Tsuru
Mozambia
Lacroix
Stainless
Sicilion
Gloriosa
Sengoku
Strawberry
Albion
Yamakaji
Doma
Comir
Karma
Draw
Doll
Sunbell
Brandnew
Gorilla
Newshi
Lip Doughty
Urban
A.O
Bluegrass
Tank Lepanto
Kizaru
Lacuba
Garp
 
Statistiques - réponses
Réponse % Correct
Sengoku
81%
Kizaru
77%
Garp
73%
Tsuru
73%
Aramaki
70%
Momonga
68%
Fullbody
67%
Strawberry
44%
Brandnew
36%
Lacroix
36%
Onigumo
34%
Doll
33%
Stainless
31%
Bluegrass
25%
Yamakaji
22%
Gorilla
19%
Ripper
17%
Mozambia
13%
Comir
12%
Draw
12%
Urban
8%
Aucun quiz correspondant
Distribution des résultats
% des personnes avec chaque résultat
Percentile par nombre de réponses
Votre historique - résultats
Vous n’avez pas pris ce quiz